| 000 | 01284nam a22002537a 4500 | ||
|---|---|---|---|
| 005 | 20110329165129.0 | ||
| 008 | 110329t xxu||||| |||| 00| 0 mar d | ||
| 010 | _aMAR-20671 | ||
| 020 |
_a9789380361239 _c150.00 |
||
| 035 | _aMR-13329 | ||
| 037 | _bDBAD / PUB | ||
| 040 |
_aDPL _bMR |
||
| 082 | _a616.12 | ||
| 100 |
_aपद्मा विजय _926818 |
||
| 245 |
_aह्रदय-स्वास्थ्य : _cपद्मा विजय:अरूण मांडे द्वारा अनुवादित _bआहार व आरोग्य / |
||
| 246 |
_aHriday-Swasthya _bby Padma Vijay and run Mande |
||
| 260 |
_aपुणे _bरोहन प्रकाशन _c2010 |
||
| 270 |
_aधवलगिरी अपार्टमेन्ट्स शॉप 5 व 6 430,शनिवार पेठ पोलिस चौकीसमोर _bपुणे _e411030 |
||
| 300 |
_a188पृ _c22 सेमी ( अजिल्द) |
||
| 700 |
_926819 _aमांडे,अरूण |
||
| 700 | _926848 | ||
| 942 |
_2ddc _cMR _h612.12 _mपद्मावि |
||
| 999 |
_c51313 _d51313 |
||